000 00344nam a2200157Ia 4500
005 20250425160924.0
008 250425s9999 xx 000 0 und d
041 _aspa
082 _a657.8
245 0 _aCONTABILIDAD ADMINISTRATIVA
250 _aS.E.
260 _aS.L.
260 _aSin Pais
_bPREN
_c1983
942 _c01
010 _a8405
999 _c198901
_d198901